Daňový stabilizátor a hospodársky cyklus

Poistenie v nezamestnanosti a progresivita daňových sadzieb. Metodológia pre odhad vplyvu progresivity daní na zmiernenie fluktuácií v hladine outputu. Metodológia odhadu efektov poistenia v nezamestnanosti. Odhad stabilizačných efektov daňového systému. Citlivosť ekonomiky SR na cyklické výkyvy sve...

Description complète

Enregistré dans:
Détails bibliographiques
Auteur principal: Ochotnický, Pavol
Format: Chapitre de livre
Langue:slovaque
Sujets:
Tags: Ajouter un tag
Pas de tags, Soyez le premier à ajouter un tag!

MARC

LEADER 00000nla$a2200000$$$4500
001 0116791
005 20240502072312.5
041 0 |a slo 
044 |a SK 
245 1 0 |a Daňový stabilizátor a hospodársky cyklus  |c Pavol Ochotnický 
520 |a Poistenie v nezamestnanosti a progresivita daňových sadzieb. Metodológia pre odhad vplyvu progresivity daní na zmiernenie fluktuácií v hladine outputu. Metodológia odhadu efektov poistenia v nezamestnanosti. Odhad stabilizačných efektov daňového systému. Citlivosť ekonomiky SR na cyklické výkyvy svetového hospodárstva. 
610 2 0 |a financie verejné 
610 2 0 |a pravidlá rozpočtové 
610 2 0 |a systémy daňové 
610 2 0 |a sadzby daňové 
610 2 0 |a poistenie v nezamestnanosti 
610 2 0 |a príjmy 
610 2 0 |a výdavky 
610 2 0 |a cykly hospodárske 
610 2 0 |a metóda input-output 
100 1 |a Ochotnický, Pavol